000 00408nam a2200157 i 4500
001 61771
003 ES-MaACL
005 20230906164534.0
007 t|
008 031113s1967 sp ||||1| spa d
100 1 _aFarré, Luis.
_948885
245 1 0 _aCategorías estéticas /
_cLuis Farre.
260 _a[Madrid] :
_bAguilar,
_c[1967]
300 _a132 p. ;
_c21 cm.
852 _aES-MaACL
_jC-32462
_bR.62636
999 _c61771
_d61771